000 00489nam a2200181Ia 4500
005 20250423095756.0
008 250422s9999 xx 000 0 und d
020 _a9789352695751
050 _aJX 1250 .B4/
100 _aDr. Arimardan Singh
245 0 _aInternational relations and political science
260 _aNew Delhi
260 _bRandom Publications
260 _c2020
300 _a305 p
650 _a International relations. Political science.
942 _cBK
999 _c31298
_d31298